Toutes les communes du Calvados sur une carte - Statistiques

Statistiques générales
  • Ce quiz a été pris 1 377 fois
    720 depuis la dernière actualisation
  • Le résultat moyen est 114 sur 526
Réponses sur la Carte
Les réponses sont colorées sur une échelle allant du rouge au vert en fonction du pourcentage des utilisateurs qui les ont devinées à leur premier essai. Vous pouvez retrouver ces pourcentages ci-dessous.
 
Statistiques - réponses
Commune Pop. % Correct
Caen 107 250
99%
Bayeux 12 640
80%
Deauville 3 567
80%
Ouistreham 9 438
79%
Lisieux 19 755
77%
Hérouville-Saint-Clair 22 150
75%
Cabourg 3 511
74%
Souleuvre en Bocage 8 848
73%
Honfleur 6 742
72%
Saint-Pierre-en-Auge 7 325
72%
Trouville-sur-Mer 4 603
72%
Vire Normandie 16 935
72%
Condé-en-Normandie 6 296
70%
Ifs 11 902
67%
Le Hom 3 599
67%
Livarot-Pays-d'Auge 6 183
67%
Mondeville 10 054
67%
Falaise 7 849
65%
Villers-Bocage 3 147
64%
Villers-Canivet 740
64%
Villers-sur-Mer 2 507
64%
Valorbiquet 2 517
63%
Saint-Pierre-Azif 162
62%
Saint-Pierre-Canivet 459
62%
Saint-Pierre-des-Ifs 454
62%
Saint-Pierre-du-Bû 464
62%
Saint-Pierre-du-Fresne 188
62%
Saint-Pierre-du-Jonquet 273
62%
Saint-Pierre-du-Mont 77
62%
Thue et Mue 6 150
60%
Mézidon Vallée d'Auge 9 624
59%
Luc-sur-Mer 3 241
58%
Pont-l'Évêque 4 790
57%
Bretteville-le-Rabet 303
54%
Bretteville-sur-Laize 1 912
54%
Bretteville-sur-Odon 4 069
54%
Carpiquet 3 137
54%
Le Bô 125
54%
Saint-Martin-de-May 4 528
54%
Courseulles-sur-Mer 4 185
53%
Ver-sur-Mer 1 648
53%
Lion-sur-Mer 2 499
52%
Saint-Martin-aux-Chartrains 425
52%
Saint-Martin-de-Bienfaite-la-Cressonnière 467
52%
Saint-Martin-de-Blagny 125
52%
Saint-Martin-de-la-Lieue 776
52%
Saint-Martin-de-Mailloc 947
52%
Saint-Martin-de-Mieux 393
52%
Saint-Martin-des-Entrées 714
52%
Dives-sur-Mer 5 234
51%
Merville-Franceville-Plage 2 195
51%
Arromanches-les-Bains 465
50%
Houlgate 1 689
50%
Isigny-sur-Mer 3 590
50%
Valdallière 5 735
50%
Val-de-Vie 518
48%
Colombelles 7 029
47%
Fleury-sur-Orne 4 981
47%
Aurseulles 1 899
46%
Cambremer 1 322
46%
Colleville-Montgomery 2 546
46%
Colleville-sur-Mer 184
46%
Terres de Druance 903
46%
Condé-sur-Ifs 434
45%
Condé-sur-Seulles 298
45%
Saint-Germain-de-Livet 718
45%
Saint-Germain-du-Pert 157
45%
Saint-Germain-la-Blanche-Herbe 2 405
45%
Saint-Germain-Langot 343
45%
Saint-Germain-le-Vasson 957
45%
Saint-Aubin-d'Arquenay 1 122
44%
Saint-Aubin-des-Bois 226
44%
Saint-Aubin-sur-Mer 2 162
44%
Blainville-sur-Orne 5 761
43%
Cormelles-le-Royal 5 093
43%
Bénouville 2 039
42%
Biéville-Beuville 3 646
42%
Épron 1 655
42%
Rots 2 474
42%
Troarn 3 435
42%
Val de Drôme 881
42%
Belle Vie en Auge 543
41%
Clécy 1 305
41%
Giberville 4 881
41%
Saint-Contest 2 515
41%
Douvres-la-Délivrande 5 076
40%
Verson 3 657
40%
Argences 3 798
39%
Mathieu 2 318
39%
Authie 1 666
38%
Louvigny 2 666
38%
Port-en-Bessin-Huppain 1 921
38%
Bernières-d'Ailly 221
37%
Bernières-sur-Mer 2 330
37%
Hermanville-sur-Mer 3 144
37%
Saint-Jean-de-Livet 242
37%
Creully sur Seulles 2 260
36%
Dozulé 2 314
36%
Saint-André-d'Hébertot 451
36%
Saint-André-sur-Orne 1 814
36%
Saint-Laurent-de-Condel 507
36%
Saint-Laurent-sur-Mer 260
36%
La Cambe 548
35%
Les Monts d'Aunay 4 595
35%
Noues de Sienne 4 326
35%
Orbec 1 943
35%
Sainte-Marie-Outre-l'Eau 125
35%
Cagny 2 003
34%
Castine-en-Plaine 1 699
34%
Démouville 3 063
34%
Fontaine-Étoupefour 2 682
34%
Fontaine-Henry 494
34%
Fontaine-le-Pin 355
34%
Moult-Chicheboville 3 344
34%
Saint-Paul-du-Vernay 832
34%
Bavent 1 932
33%
Langrune-sur-Mer 1 948
33%
Touques 3 744
33%
Tour-en-Bessin 674
33%
Grandcamp-Maisy 1 533
32%
Sannerville 1 892
32%
Évrecy 2 020
31%
Hérouvillette 1 349
31%
Bourguébus 2 304
30%
Pont-d'Ouilly 961
30%
Ranville 1 962
30%
Thaon 1 795
30%
Asnelles 603
29%
Fontenay-le-Marmion 1 946
29%
Fontenay-le-Pesnel 1 197
29%
Potigny 2 072
29%
Soliers 2 079
29%
Varaville 1 019
29%
Grentheville 964
28%
Amfreville 1 378
27%
Aure sur Mer 720
27%
Blonville-sur-Mer 1 552
27%
Cuverville 2 284
27%
Ouilly-du-Houley 247
27%
Ouilly-le-Tesson 572
27%
Ouilly-le-Vicomte 756
27%
Périers-en-Auge 124
27%
Périers-sur-le-Dan 566
27%
Saint-Denis-de-Mailloc 306
27%
Saint-Denis-de-Méré 771
27%
Saint-Manvieu-Norrey 2 016
27%
Tilly-sur-Seulles 1 766
27%
Frénouville 1 981
26%
Sainte-Honorine-de-Ducy 136
26%
Sainte-Honorine-du-Fay 1 341
26%
Sallen 316
26%
Dialan sur Chaîne 1 027
25%
Éterville 1 644
25%
Le Bû-sur-Rouvres 113
25%
Villerville 591
25%
Balleroy-sur-Drôme 1 346
24%
Basly 1 065
24%
Beaumont-en-Auge 409
24%
Beuvron-en-Auge 197
24%
Cambes-en-Plaine 1 717
24%
Caumont-sur-Aure 2 394
24%
Le Castelet 1 716
24%
Le Fresne-Camilly 949
24%
Saint-Vigor-le-Grand 2 529
24%
Vieux 675
24%
Cairon 2 029
23%
Sallenelles 296
23%
Seulline 1 310
23%
Bellengreville 1 470
22%
Grimbosq 282
22%
Saint-Gatien-des-Bois 1 345
22%
Saint-Rémy 985
22%
Saint-Sylvain 1 445
22%
Valambray 1 700
22%
Fresné-la-Mère 580
21%
Le Molay-Littry 3 030
21%
Malherbe-sur-Ajon 567
21%
Petiville 547
21%
Saint-Arnoult 1 118
21%
Saint-Désir 1 746
21%
Tourville-en-Auge 246
21%
Tourville-sur-Odon 1 115
21%
Anisy 742
20%
Bény-sur-Mer 444
20%
Boulon 778
20%
Cahagnes 1 400
20%
Canapville 226
20%
Gonneville-en-Auge 389
20%
Gonneville-sur-Honfleur 873
20%
Gonneville-sur-Mer 670
20%
Grainville-Langannerie 733
20%
Grainville-sur-Odon 1 049
20%
Graye-sur-Mer 731
20%
Hotot-en-Auge 298
20%
Hottot-les-Bagues 473
20%
Janville 386
20%
Laize-Clinchamps 2 130
20%
Mouen 1 683
20%
Saint-Benoît-d'Hébertot 441
20%
Saint-Étienne-la-Thillaye 381
20%
Saint-Ouen-du-Mesnil-Oger 209
20%
Saint-Ouen-le-Pin 257
20%
Touffréville 400
20%
Val d'Arry 2 399
20%
Amayé-sur-Orne 1 067
19%
Amayé-sur-Seulles 224
19%
Auberville 591
19%
Cresserons 1 099
19%
Esquay-Notre-Dame 1 436
19%
Esquay-sur-Seulles 279
19%
La Rivière-Saint-Sauveur 2 551
19%
Le Breuil-en-Auge 994
19%
Le Breuil-en-Bessin 415
19%
Pennedepie 313
19%
Reviers 550
19%
Villons-les-Buissons 796
19%
Ablon 1 194
18%
Barneville-la-Bertran 123
18%
Benerville-sur-Mer 420
18%
Blangy-le-Château 728
18%
Colomby-Anguerny 1 256
18%
Cricqueville-en-Auge 189
18%
Cricqueville-en-Bessin 172
18%
Maltot 1 025
18%
Notre-Dame-d'Estrées-Corbon 201
18%
Rosel 536
18%
Sainte-Marguerite-d'Elle 771
18%
Saint-Julien-sur-Calonne 167
18%
Soumont-Saint-Quentin 588
18%
Trévières 918
18%
Vierville-sur-Mer 231
18%
Banville 792
17%
Cesny-les-Sources 1 365
17%
Lison 434
17%
Moyaux 1 342
17%
Plumetot 210
17%
Saint-Vaast-en-Auge 101
17%
Saint-Vaast-sur-Seulles 157
17%
Annebault 490
16%
Bonnebosq 666
16%
Cesny-aux-Vignes 416
16%
Glos 926
16%
Gouvix 834
16%
Hermival-les-Vaux 825
16%
Le Pré-d'Auge 858
16%
Longues-sur-Mer 585
16%
Méry-Bissières-en-Auge 1 078
16%
Moulins-en-Bessin 1 088
16%
Notre-Dame-de-Livaye 111
16%
Saint-Omer 189
16%
Tourgéville 803
16%
Vendeuvre 807
16%
Vimont 826
16%
Audrieu 1 125
15%
Courtonne-la-Meurdrac 665
15%
Courtonne-les-Deux-Églises 642
15%
Douville-en-Auge 214
15%
Équemauville 1 580
15%
Fresney-le-Puceux 804
15%
Fresney-le-Vieux 297
15%
La Hoguette 664
15%
Maisons 405
15%
Manerbe 547
15%
Osmanville 514
15%
Putot-en-Auge 303
15%
Saint-Samson 315
15%
Surville 463
15%
Baron-sur-Odon 1 005
14%
Bonneville-la-Louvet 814
14%
Bonneville-sur-Touques 321
14%
Branville 198
14%
Bréville-les-Monts 659
14%
Coquainvilliers 844
14%
Croisilles 648
14%
Escoville 809
14%
Feuguerolles-Bully 1 443
14%
Morteaux-Coulibœuf 616
14%
Mutrécy 506
14%
Ryes 499
14%
Sainte-Croix-sur-Mer 239
14%
Saint-Hymer 692
14%
Saint-Loup-Hors 555
14%
Urville 725
14%
Ussy 852
14%
Vaucelles 580
14%
Villy-Bocage 733
14%
Villy-lez-Falaise 265
14%
Banneville-la-Campagne 171
13%
Cléville 387
13%
Cricquebœuf 267
13%
Danestal 404
13%
Firfol 387
13%
Formigny La Bataille 744
13%
La Vespière-Friardel 1 181
13%
Le Pin 813
13%
Longueville 270
13%
Loucelles 186
13%
Noron-l'Abbaye 318
13%
Noron-la-Poterie 346
13%
Ouézy 241
13%
Pierrefitte-en-Auge 157
13%
Pierrefitte-en-Cinglais 242
13%
Saint-Pair 244
13%
Vaux-sur-Aure 299
13%
Vaux-sur-Seulles 317
13%
Beuvillers 1 331
12%
Brucourt 126
12%
Canteloup 190
12%
Carcagny 281
12%
Englesqueville-en-Auge 112
12%
Englesqueville-la-Percée 103
12%
Gavrus 597
12%
Glanville 164
12%
Goustranville 301
12%
Grangues 276
12%
Jort 301
12%
Landelles-et-Coupigny 839
12%
Les Moutiers-en-Auge 129
12%
Les Moutiers-en-Cinglais 515
12%
Maisoncelles-Pelvey 260
12%
Maisoncelles-sur-Ajon 188
12%
Marolles 744
12%
Mondrainville 558
12%
Ponts sur Seulles 1 217
12%
Rouvres 223
12%
Saint-Côme-de-Fresné 259
12%
Valsemé 267
12%
Victot-en-Auge 131
12%
Asnières-en-Bessin 69
11%
Aubigny 315
11%
Avenay 572
11%
Barbery 802
11%
Basseneville 249
11%
Campagnolles 555
11%
Cauvicourt 550
11%
Clarbec 331
11%
Cresseveuille 252
11%
Drubec 114
11%
Émiéville 633
11%
Esson 550
11%
Estrées-la-Campagne 265
11%
Géfosse-Fontenay 132
11%
Heuland 115
11%
Juaye-Mondaye 685
11%
La Boissière 189
11%
Lisores 263
11%
Magny-en-Bessin 160
11%
Maizières 431
11%
Meuvaines 136
11%
Reux 396
11%
Rumesnil 90
11%
Saint-Jouin 241
11%
Saint-Philbert-des-Champs 655
11%
Sommervieu 987
11%
Soulangy 252
11%
Tracy-Bocage 298
11%
Tracy-sur-Mer 345
11%
Agy 310
10%
Angerville 195
10%
Beaufour-Druval 439
10%
Bougy 390
10%
Cintheaux 187
10%
Commes 445
10%
Crépon 212
10%
Crocy 291
10%
Cussy 183
10%
Épaney 508
10%
Ernes 319
10%
Fierville-les-Parcs 228
10%
Fourneville 477
10%
Genneville 844
10%
Juvigny-sur-Seulles 82
10%
Landes-sur-Ajon 451
10%
Le Mesnil-Guillaume 591
10%
Les Authieux-sur-Calonne 275
10%
Les Monceaux 202
10%
L'Hôtellerie 318
10%
Manneville-la-Pipard 268
10%
Martainville 121
10%
Norolles 342
10%
Norrey-en-Auge 92
10%
Quetteville 399
10%
Saint-Léger-Dubosq 224
10%
Sassy 208
10%
Subles 667
10%
Surrain 147
10%
Vauville 193
10%
Cahagnolles 256
9%
Courcy 127
9%
Culey-le-Patry 366
9%
Épinay-sur-Odon 624
9%
Formentin 259
9%
Fumichon 272
9%
La Houblonnière 329
9%
La Pommeraye 59
9%
La Roque-Baignard 115
9%
La Villette 233
9%
Le Mesnil-Simon 161
9%
Les Isles-Bardel 67
9%
Martigny-sur-l'Ante 328
9%
Nonant 505
9%
Parfouru-sur-Odon 195
9%
Perrières 337
9%
Ranchy 269
9%
Saint-Lambert 269
9%
Saon 221
9%
Sully 160
9%
Arganchy 216
8%
Bazenville 141
8%
Bons-Tassilly 401
8%
Castillon 352
8%
Castillon-en-Auge 160
8%
Colombières 205
8%
Cordebugle 164
8%
Crouay 505
8%
Damblainville 239
8%
Deux-Jumeaux 47
8%
Ellon 608
8%
Eraines 294
8%
Étréham 330
8%
Léaupartie 88
8%
Le Brévedent 178
8%
Le Marais-la-Chapelle 104
8%
Le Mesnil-Eudes 253
8%
Le Theil-en-Auge 193
8%
Le Vey 119
8%
Monceaux-en-Bessin 556
8%
Montfiquet 90
8%
Montigny 99
8%
Montillières-sur-Orne 572
8%
Montreuil-en-Auge 66
8%
Mosles 351
8%
Moulines 276
8%
Olendon 182
8%
Ouffières 190
8%
Pierrepont 87
8%
Pontécoulant 70
8%
Prêtreville 388
8%
Rapilly 49
8%
Rocques 287
8%
Rubercy 152
8%
Saint-Marcouf 90
8%
Versainville 498
8%
Vignats 292
8%
Auvillars 212
7%
Barbeville 210
7%
Barou-en-Auge 69
7%
Beaumesnil 202
7%
Bonnœil 122
7%
Bourgeauville 100
7%
Bricqueville 155
7%
Canchy 205
7%
Cardonville 96
7%
Cernay 139
7%
Chouain 229
7%
Cordey 155
7%
Cormolain 397
7%
Cossesseville 107
7%
Cristot 218
7%
Fauguernon 241
7%
Guéron 246
7%
Le Faulq 335
7%
Le Manoir 211
7%
Le Mesnil-Robert 188
7%
Le Mesnil-sur-Blangy 162
7%
Les Loges 144
7%
Les Loges-Saulces 170
7%
Lessard-et-le-Chêne 159
7%
Le Torquesne 541
7%
Lingèvres 466
7%
Litteau 286
7%
Mandeville-en-Bessin 326
7%
Manvieux 139
7%
Préaux-Bocage 126
7%
Repentigny 100
7%
Saonnet 323
7%
Soignolles 124
7%
Tréprel 103
7%
Vacognes-Neuilly 659
7%
Vendes 332
7%
Beaumais 167
6%
Blay 364
6%
Bonnemaison 398
6%
Brémoy 236
6%
Cartigny-l'Épinay 295
6%
Cauville 169
6%
Colombiers-sur-Seulles 157
6%
Combray 144
6%
Courvaudon 270
6%
Donnay 302
6%
Ducy-Sainte-Marguerite 172
6%
Espins 250
6%
La Folie 99
6%
La Folletière-Abenon 140
6%
Le Détroit 88
6%
Leffard 219
6%
Le Mesnil-Villement 291
6%
Le Tronquay 783
6%
Louvagny 60
6%
Maizet 368
6%
Pertheville-Ners 238
6%
Pont-Bellanger 67
6%
Vicques 73
6%
Vieux-Bourg 76
6%
Bucéels 437
5%
Campigny 186
5%
Cottun 230
5%
Fourches 220
5%
Fourneaux-le-Val 155
5%
La Bazoque 185
5%
La Caine 158
5%
Le Fournet 76
5%
Monts-en-Bessin 408
5%
Planquery 249
5%
Tessel 249
5%
Trungy 211
5%
Vienne-en-Bessin 288
5%
Bernesq 213
4%
Foulognes 213
4%
Longvillers 361
4%
Meslay 319
4%
Monfréville 91
4%
Périgny 57
4%
Tournières 149
4%
Le Mesnil-au-Grain 80
3%
Saint-Louet-sur-Seulles 141
3%
Aucun quiz correspondant
Distribution des résultats
% des personnes avec chaque résultat
Percentile par nombre de réponses
Votre historique - résultats
Vous n’avez pas pris ce quiz depuis la dernière actualisation